The Hungarian Pharmaceutical Industry in an International Comparison, and the Possible Impacts of Industry 4.0

Bibliográfiai részletek
Szerző: Blaskó Ildikó
További közreműködők: Tölgyessy Péterné Sass Dr Magdolna
Dokumentumtípus: Diplomadolgozat
Kulcsszavak:Gyógyszeripar
Magyarország
Ipar 4.0
Összehasonlító elemzés
Online Access:http://dolgozattar.uni-bge.hu/18704

MARC

LEADER 00000nta a2200000 i 4500
001 dolg18704
005 20221013105503.0
008 181201suuuu hu om 000 eng d
040 |a BGE Dolgozattár Repozitórium  |b hun 
041 |a en 
100 1 |a Blaskó Ildikó 
245 1 4 |a The Hungarian Pharmaceutical Industry in an International Comparison, and the Possible Impacts of Industry 4.0  |c Blaskó Ildikó  |h [elektronikus dokumentum] 
246 1 1 |a A magyar gyógyszeripar nemzetközi összehasonlításban és az Ipar 4.0 várható hatásai 
246 1 1 |a The Hungarian Pharmaceutical Industry in an International Comparison, and the Possible Impacts of Industry 4.0 
695 |a Gyógyszeripar 
695 |a Magyarország 
695 |a Ipar 4.0 
695 |a Összehasonlító elemzés 
700 1 |a Tölgyessy Péterné Sass Dr Magdolna  |e ths 
856 4 0 |u http://dolgozattar.uni-bge.hu/18704/1/Thesis%20-%20Ildik%C3%B3%20Blask%C3%B3_final.pdf  |z Dokumentum-elérés